Economic Survey 1998-99 (Record no. 3359)
[ view plain ]
| 000 -LEADER | |
|---|---|
| fixed length control field | 00254nam a22001097a 4500 |
| 082 ## - DEWEY DECIMAL CLASSIFICATION NUMBER | |
| Classification number | 330.95491 |
| 100 ## - MAIN ENTRY--PERSONAL NAME | |
| Personal name | Government of Pakistan |
| 245 ## - TITLE STATEMENT | |
| Title | Economic Survey 1998-99 |
| 260 ## - PUBLICATION, DISTRIBUTION, ETC. | |
| Place of publication, distribution, etc. | Islamabad |
| Name of publisher, distributor, etc. | Finance Division |
| 300 ## - PHYSICAL DESCRIPTION | |
| Extent | [181][163]p |
| 942 ## - ADDED ENTRY ELEMENTS (KOHA) | |
| Koha item type | Book |
| Withdrawn status | Lost status | Source of classification or shelving scheme | Damaged status | Not for loan | Permanent Location | Current Location | Shelving location | Date acquired | Full call number | Barcode | Date last seen | Price effective from | Koha item type |
|---|---|---|---|---|---|---|---|---|---|---|---|---|---|
| Central Library (CL) | Central Library (CL) | General Stacks | 06/02/2016 | 338.95491 ECO | S3H-N-840 | 06/02/2016 | 06/02/2016 | Reference | |||||
| Central Library (CL) | Central Library (CL) | General Stacks | 06/02/2016 | 338.95491 ECO | S3H-N-839 | 06/02/2016 | 06/02/2016 | Reference | |||||
| Central Library (CL) | Central Library (CL) | General Stacks | 06/02/2016 | 338.95491 ECO | S3H-N-838 | 06/02/2016 | 06/02/2016 | Reference | |||||
| Central Library (CL) | Central Library (CL) | General Stacks | 06/02/2016 | 338.95491 ECO | S3H-N-842 | 06/02/2016 | 06/02/2016 | Reference |
